Pháp lệnh thủ tục giải quyết các vụ án hành chính
Shranjeno v:
| Format: | Sách giấy |
|---|---|
| Jezik: | Vietnamese |
| Izdano: |
Hà Nội :
Chính trị Quốc gia ,
1996
|
| Teme: | |
| Oznake: |
Označite
Brez oznak, prvi označite!
|
| Thư viện lưu trữ: | Thư viện Trường Đại học Đà Lạt |
|---|
| LEADER | 00633nam a2200241 4500 | ||
|---|---|---|---|
| 001 | DLU020010866 | ||
| 005 | ##12/3/1999 | ||
| 041 | # | # | |a vie |
| 082 | # | # | |a 342.597 |b VIE |
| 090 | # | # | |a 342.597 |b VIE |
| 245 | # | # | |a Pháp lệnh thủ tục giải quyết các vụ án hành chính |
| 260 | # | # | |a Hà Nội : |b Chính trị Quốc gia , |c 1996 |
| 300 | # | # | |a 59 tr.; |c 19 cm. |
| 650 | # | # | |a Thủ tục hành chính |x Luật và pháp chế |z Việt Nam. |
| 992 | # | # | |a 5000 |
| 994 | # | # | |a DLU |
| 900 | # | # | |a False |
| 911 | # | # | |a Administrator |
| 925 | # | # | |a G |
| 926 | # | # | |a A |
| 927 | # | # | |a SH |
| 980 | # | # | |a Thư viện Trường Đại học Đà Lạt |